书目信息 |
| 题名: |
文字蒙求
|
|
| 作者: | 王筠 著 | |
| 分册: | ||
| 出版信息: | 北京 中华书局 1962.10 |
|
| 页数: | 211页 | |
| 开本: | 19cm | |
| 丛书名: | ||
| 单 册: | ||
| 中图分类: | H02 | |
| 科图分类: | ||
| 主题词: | 文字学 | |
| 电子资源: | ||
| ISBN: | ||
| 000 | 00475nam0 2200193 45 | |
| 001 | 0404240886 | |
| 005 | 20060424094747.00 | |
| 010 | @dCNY1.20 | |
| 091 | @a9018.57 | |
| 100 | @a20040424d1962 km y0chiy0120 ea | |
| 101 | 0 | @achi |
| 200 | 1 | @a文字蒙求@AWen Zi Meng Qiu@f(清)王筠著@F(Qing)Wang Jun Zhu |
| 210 | @a北京@c中华书局@d1962.10 | |
| 215 | @a211页@d19cm | |
| 606 | 0 | @a文字学 |
| 690 | @aH02@v3 | |
| 701 | 0 | @a王筠@4著 |
| 801 | @aCN@bPftUser@c20060424 | |
| 905 | @dH02@e10 | |
| 文字蒙求/(清)王筠著.-北京:中华书局,1962.10 |
| 211页;19cm |
| ISBN :CNY1.20 |
| ● |
| 相关链接 |
|
|
|
|
正题名:文字蒙求
索取号:H02/10
 
预约/预借
| 序号 | 登录号 | 条形码 | 馆藏地/架位号 | 状态 | 备注 |
| 1 | 0104236 | 202255594 | 密集书库/ [索取号:H02/10] | 在馆 | |
| 2 | 0104237 | 000819305 | 第四借阅区/ [索取号:H02/10] | 在馆 | |
| 3 | 0104238 | 000819314 | 第二样本阅览室/ [索取号:H02/10] | 在馆 | |
| 4 | 0150059 | 202281887 | 密集书库/ [索取号:H02/10] | 在馆 | |
| 5 | 0150060 | 000819298 | 第四借阅区/ [索取号:H02/10] | 在馆 | |
| 6 | 0150061 | 202255745 | 密集书库/ [索取号:H02/10] | 在馆 | |
| 7 | 0156425 | 002025604 | 第四借阅区/ [索取号:H02/10] | 在馆 | |
| 8 | 0156426 | 202255558 | 密集书库/ [索取号:H02/10] | 在馆 | |
| 9 | 0156427 | 202280833 | 密集书库/ [索取号:H02/10] | 在馆 | |
| 10 | 0156428 | 000819289 | 第四借阅区/ [索取号:H02/10] | 在馆 | |
| 11 | 0156429 | 000819323 | 第四借阅区/ [索取号:H02/10] | 在馆 |